Municipios Of Puerto Rico - Statistics

General Stats
  • This quiz has been taken 15 times
  • The average score is 45 of 78
Answer Stats
2010
Population
2020
Population
Municipio % Correct
166,327 137,491 Ponce
100%
395,326 342,259 San Juan
100%
60,949 55,101 Aguadilla
90%
208,116 185,187 Bayamón
90%
97,924 89,780 Guaynabo
90%
45,631 42,943 Isabela
90%
35,527 31,879 San Germán
90%
96,440 87,754 Arecibo
80%
36,993 32,124 Fajardo
80%
12,680 11,692 Florida
80%
89,080 73,077 Mayagüez
80%
74,066 66,852 Toa Alta
80%
89,609 75,293 Toa Baja
80%
39,951 35,395 Vega Alta
80%
59,662 54,414 Vega Baja
80%
19,483 18,020 Adjuntas
70%
50,917 47,158 Cabo Rojo
70%
142,893 127,244 Caguas
70%
48,119 41,652 Cayey
70%
74,842 67,740 Trujillo Alto
70%
41,959 38,136 Aguada
60%
28,659 24,223 Aguas Buenas
60%
25,900 24,637 Aibonito
60%
24,816 22,657 Barceloneta
60%
30,318 28,983 Barranquitas
60%
35,159 32,827 Camuy
60%
176,762 154,815 Carolina
60%
13,631 11,307 Ceiba
60%
38,165 35,879 Dorado
60%
21,581 17,784 Guayanilla
60%
30,753 28,105 Lares
60%
6,276 4,755 Maricao
60%
32,610 28,727 Morovis
60%
26,720 23,386 Naguabo
60%
30,402 29,241 Naranjito
60%
23,423 21,434 Orocovis
60%
42,430 39,345 San Sebastián
60%
42,043 34,172 Yauco
60%
29,261 25,596 Añasco
50%
47,648 42,337 Canóvanas
50%
28,140 23,155 Cataño
50%
43,480 39,970 Cidra
50%
20,778 18,883 Comerío
50%
37,142 34,571 Corozal
50%
1,818 1,792 Culebra
50%
19,427 13,787 Guánica
50%
45,362 36,614 Guayama
50%
41,953 38,486 Hatillo
50%
17,250 15,654 Hormigueros
50%
58,466 50,896 Humacao
50%
16,642 14,779 Jayuya
50%
50,747 46,538 Juana Díaz
50%
25,753 23,334 Lajas
50%
9,881 8,874 Las Marías
50%
20,068 17,781 Luquillo
50%
44,113 39,492 Manatí
50%
23,274 20,281 Santa Isabel
50%
33,149 28,287 Utuado
50%
9,301 8,249 Vieques
50%
37,941 30,412 Yabucoa
50%
19,575 15,843 Arroyo
40%
40,512 34,668 Coamo
40%
38,675 35,180 Las Piedras
40%
30,060 23,693 Loíza
40%
12,225 10,589 Maunabo
40%
40,109 37,460 Moca
40%
19,277 15,985 Patillas
40%
24,282 20,399 Peñuelas
40%
15,200 15,187 Rincón
40%
54,304 47,060 Río Grande
40%
25,265 22,729 Sabana Grande
40%
31,078 25,789 Salinas
40%
41,058 37,693 San Lorenzo
40%
18,782 16,984 Ciales
30%
45,369 40,622 Gurabo
30%
40,290 37,012 Juncos
30%
25,919 23,638 Quebradillas
30%
26,073 22,093 Villalba
30%
No matching quizzes found
Score Distribution
Percent of People with Each Score
Percentile by Number Answered
Your Score History
You have not taken this quiz